शिक्षा की नव क्रान्ति का शंखनाद / (Record no. 198011)

MARC details
000 -LEADER
fixed length control field 00749nam a22001817a 4500
005 - DATE AND TIME OF LATEST TRANSACTION
control field 20230912115737.0
010 ## - LCCN (DPL NO)
LC control number HIN-125905
020 ## - INTERNATIONAL STANDARD BOOK NUMBER
International Standard Book Number 9788193674994
Terms of availability 495.00
035 ## - SYSTEM CONTROL NUMBER
System control number HN-98251
082 ## - DEWEY DECIMAL CLASSIFICATION NUMBER
Classification number 370
100 ## - MAIN ENTRY--PERSONAL NAME
Personal name मेहता,आलोक
245 ## - TITLE STATEMENT
Title शिक्षा की नव क्रान्ति का शंखनाद /
Statement of responsibility, etc आलोक मेहता
260 ## - PUBLICATION, DISTRIBUTION, ETC. (IMPRINT)
Name of publisher, distributor, etc सामयिक बुक्स
Date of publication, distribution, etc 2022
Place of publication, distribution, etc दिल्ली
270 ## - ADDRESS
Address 3320-21,जटवाडा,दरयागंज,
City नई दिल्ली
Postal code 110002
300 ## - PHYSICAL DESCRIPTION
Extent 191 पृ.
Dimensions 23 सेमी.(सजिल्द)
700 ## - ADDED ENTRY--PERSONAL NAME
Personal name आग्रवाल,दीपक
9 (RLIN) 55805
942 ## - ADDED ENTRY ELEMENTS (KOHA)
Source of classification or shelving scheme Dewey Decimal Classification
Item type Hindi Books
Classification part 370
Call number suffix मेहता
Holdings
Withdrawn status Lost status Not for loan Collection code Home library Current library Date acquired Source of acquisition Cost, normal purchase price Full call number Barcode Copy number Cost, replacement price Koha item type
      Non-fiction D.B.Act.Division Mobile Library 12/09/2023 DBAD/PUB 495.00 370 मेहता HN-98251 1 495.00 Hindi Books

© Delhi Public Library
Hit Counter
free hit counter